Datum a čas kvízu
36
Celkem bodů
Celkový počet nahraných bodů na tomto kvízu bez doplňovacích otázek.
2.
Pořadí na kvízu
Konečné umístění týmu na tomto kvízu.
Zaznamenané odpovědi
| # | Otázka | Odpověď | Body | Výsledky |
|---|---|---|---|---|
| 2. | Minulý týden došlo ke ztrátě j... | kytarou | 0 | |
| 3. | Herecká asociace oznámila jmén... | Dana Syslová | 1 | |
| 4. | Velký průlom v regenerativní m... | krev | 1 | |
| 5. | Fotbalisté z malého afrického... | Kapverdy | 0 | |
| 1. | Minulý čtvrtek byl na několik... | Metrouš | 1 | |
| 6. | Napište jméno pouště na obrázk... | Namib (Namibská poušť) | 1 | |
| 7. | Uveďte, kterým čtyřpísmenným p... | vádí | 1 | |
| 8. | Vyberte, se kterým živočichem... | B | 1 | |
| 9. | Vojáci Československého pěšího... | Tobruk | 1 | |
| 10. | Který spisovatel je autorem vě... | Frank Herbert | 1 |